LEADER 01041naa a2200205 u 4500 001 000000103091 003 CaOOAMICUS 005 20070226130214.0 008 060705s2000 it u000 u ita u 035 $a11095062 040 $aIAR$bita 100 1 $aFiore, Serafino,$cC.SS.R.$0(OLS)http://pul/name/63788 245 10$aA cinquant'anni dalla proclamazione di s. Alfonso a patrono dei confessori e dei moralisti (1950-2000) :$bUn evento, un'eredità /$cSerfino Fiorem C.Ss.R. 260 $aRoma :$bCollegium S.Alphonsi de Urbe,$c2000. 300 $aS. 3-8 ;$c25 cm 500 $aIAR: FF-197 730 0 $aSpicilegium historicum Congregationis SSmi Redemptoris$g[Spogli].$0(OLS)http://pul/title/8855 773 0 $tSpicilegium historicum Congregationis SSmi Redemptoris$ga.48 (2000)$w()6012 996 $6245$aA cinquant'anni dalla proclamazione di s. Alfonso a patrono dei confessori e dei moralisti (1950-2000) :$bUn evento, un'eredità$9(OLS)http://pul/title/129998 996 $6260$aRoma :$bCollegium S.Alphonsi de Urbe$9(OLS)http://pul/publisher/79185 LEADER 01174nam a2200265 a 4500 001 000000157491 003 CaOOAMICUS 005 20161214135748.0 008 161214s2016 it frm z000 u eng r 032 $aLibriCat 040 $aPUL$bita 100 1 $aGenung, Matthew C.$0(OLS)http://pul/name/100466 245 11$a"And they sold Joseph" : $bIncoherence and meaning in the composition of Genesis 37 /$cMatthew C. Genung. 260 $aRomae :$b[s.n.],$c2016. 300 $a70 p.;$c21 cm 502 $aEstratto da Tesi di Dottorato in Teologia Biblica-- Pontificio Istituto Biblico, 2016. 504 $aBibliografia p.[51]-66. 630 04$aBiblia.$pV.T.$pGenesis$xCritica e interpretazione.$0(OLS)http://pul/subject/2021 710 2 $aPontificio istituto biblico.$kTesi.$0(OLS)http://pul/name/85533 850 $aPUL 852 $aPUL$W1$xDP1 Tesi Pon. Ist. Biblico$y33$m2016 B 2$j173644$qTesi$B183917$CPULBib$Z2$F183917 $82 941 1 $a16 996 $6245$a"And they sold Joseph" : $bIncoherence and meaning in the composition of Genesis 37$9(OLS)http://pul/title/197095 996 $6260$aRomae :$b[s.n.]$9(OLS)http://pul/publisher/48223